000 00676nam a2200217 a 4500
001 64243
003 BD-RjUL
005 20211209081302.0
008 170212s1997 ii a 000 0 eng d
035 _a(BD-RjUL) 64373
040 _aBD-RjUL
_bBD-RjUL
_cBD-RjUL
_deng
041 _aeng
082 _223
_a944.04
_bCAF 1997
100 1 _aCarlyle, Thomas,
_d1795-1881.
_9186014
245 1 4 _aThe French Revolution :
_bA history /
_cby Thomas Carlyle
260 _aDelhi :
_bSurjeet,
_c1997
300 _ax,372-804 p. ;
_bill. ;
_c20 cm.
650 _aFrance
_xHistory
_yRevolution, 1789-1799.
_9188768
651 0 _aFrance
_xHistory
_yRevolution, 1789-1799.
_9188768
942 _2ddc
_cBK
999 _c64243
_d64243